000 00450nam a2200193Ia 4500
005 20240823055005.0
008 240823s9999||||xx |||||||||||||| ||und||
020 _a81-922874-7-5
041 _aENGLISH
082 _A822.33 Q3
100 _aWilliam Shakespeare
245 0 _aKing Henry IV Part -1
250 _a1st
260 _c2013
_bManimekala Publishing
500 _aYES
650 _aEnglish
_bEnglish
942 _cBK
999 _c227749
_d227749